00552 2200205 4500001002100000005001500021035002000036007000300056008004100059020002200100082001000122084001600132100002100148245007300169250001000242260003900252300002600291650002000317990000900337INLIS00000000000246120181206110112 a0010-1218000020ta181206 g 0 ind  a978-602-313-028-3 a306.6 a306.6 HAR s0 aharyanto,Sindung1 aSosiologi Agama :bDari Klasik hingga Postmodern /charyanto,Sindung acet.2 aYogyakarta :bAr-Ruzz Media,c2016 a320 hlm ;c17 x 24 cm aAGAMA SOSIOLOGI a5410